000 00521ngm a2200205 i 4500
001 C2-0310363
003 PPAK
005 20180727220605.0
008 110616s2004 xx |||| ||||| | vleng d
040 _aPPAK
_beng
_cPPAK
_erda
245 1 0 _aCJ7
264 1 _bStar TV Filmed Entertainment ,
_c2004
336 _2rdacontent
_atext
337 _2rdamedia
_aunmediated
338 _2rdacarrier
_avolume
700 _eauthor
700 1 _aChow, Stephen,
_ecompile
700 1 _aLam, Angie,
_eeditor
942 _2ddc
_cDVD
999 _c166376
_d166376